[Event "Aeroflot Open"]
[Site "Moscow RUS"]
[Date "2009.02.24"]
[Round "8"]
[White "Pashikian,A"]
[Black "Kurnosov,I"]
[Result "1-0"]
[WhiteElo "2621"]
[BlackElo "2602"]
[EventDate "2009.02.17"]

1. d4 Nf6 2. c4 g6 3. Nc3 d5 4. Qb3 dxc4 5. Qxc4 Bg7 6. e4 O-O 7. Nf3 a6 8.
Qa4 Bg4 9. Be3 Nfd7 10. Qb3 b5 11. Be2 Nc6 12. Rd1 Nb6 13. e5 Nc4 14. O-O
N6a5 15. Qb4 Rc8 16. Bg5 f6 17. b3 fxg5 18. bxc4 Bxf3 19. Bxf3 Nxc4 20.
Bd5+ Kh8 21. Bxc4 bxc4 22. Qxc4 c5 23. dxc5 Qc7 24. Ne4 Qxe5 25. Rd5 Qf4
26. g3 Qg4 27. Rxg5 Qf3 28. Rd5 Rc6 29. Re1 h6 30. Re3 Qf7 31. Kg2 g5 32.
h3 Re6 33. Rd2 Qg6 34. Rd5 Qf7 35. Rd7 Qf5 36. Rd2 Qg6 37. a3 Re5 38. c6
Qe6 39. Rc2 Rc8 40. c7 Qxc4 41. Rxc4 Kg8 42. Rd3 Rf5 43. Rd7 Rf7 44. Nc5
1-0

[Event "Aeroflot Open"]
[Site "Moscow RUS"]
[Date "2009.02.24"]
[Round "8"]
[White "Zhou Jianchao"]
[Black "Zhigalko,S"]
[Result "1/2-1/2"]
[WhiteElo "2612"]
[BlackElo "2587"]
[EventDate "2009.02.17"]

1. Nf3 d5 2. d4 c6 3. c4 e6 4. Nbd2 f5 5. g3 Nd7 6. Bg2 Bd6 7. O-O Ngf6 8.
Qc2 Qe7 9. b3 b6 10. Bb2 Bb7 11. Ne5 O-O 12. Rac1 Rac8 13. Nxd7 Nxd7 14. e3
Rfd8 15. Rfd1 Ba6 16. Nf3 Bb7 17. Qb1 Nf6 18. cxd5 cxd5 19. Rxc8 Rxc8 20.
Rc1 1/2-1/2

[Event "Aeroflot Open"]
[Site "Moscow RUS"]
[Date "2009.02.24"]
[Round "8"]
[White "Bacrot,E"]
[Black "Tomashevsky,E"]
[Result "1-0"]
[WhiteElo "2722"]
[BlackElo "2664"]
[EventDate "2009.02.17"]

1. d4 Nf6 2. c4 e6 3. Nf3 b6 4. Bg5 Bb7 5. Nc3 Bb4 6. Nd2 Qe7 7. Qc2 e5 8.
d5 Bxc3 9. Qxc3 Na6 10. Qf3 h6 11. Bxf6 Qxf6 12. Qxf6 gxf6 13. O-O-O Ke7
14. g3 d6 15. e4 Bc8 16. Bd3 Nc5 17. Bc2 a5 18. Nf1 Bd7 19. Ne3 Rhb8 20.
Bd3 Rg8 21. f3 h5 22. Rd2 Rab8 23. Rhd1 Rg7 24. Rf2 f5 25. exf5 Nxd3+ 26.
Rxd3 Kf6 27. g4 hxg4 28. fxg4 Rh8 29. Rdd2 Rh3 30. Rde2 Kg5 31. Nd1 Kh4 32.
Ne3 Kg5 33. Kd2 Rgh7 34. Rg2 Rf3 35. Nd1 Kh4 36. Nf2 Rg7 37. Re4 Rf4 38.
Ke3 1-0

[Event "Aeroflot Open"]
[Site "Moscow RUS"]
[Date "2009.02.24"]
[Round "8"]
[White "Khairullin,I"]
[Black "Sargissian,G"]
[Result "1/2-1/2"]
[WhiteElo "2574"]
[BlackElo "2678"]
[EventDate "2009.02.17"]

1. d4 d5 2. c4 c6 3. Nc3 Nf6 4. cxd5 cxd5 5. Bf4 Nc6 6. e3 Bf5 7. Qb3 Qb6
8. Qxb6 axb6 9. Nf3 e6 10. Bb5 Bb4 11. Ne5 1/2-1/2

[Event "Aeroflot Open"]
[Site "Moscow RUS"]
[Date "2009.02.24"]
[Round "8"]
[White "Zhou Weiqi"]
[Black "Zvjaginsev,V"]
[Result "1-0"]
[WhiteElo "2542"]
[BlackElo "2636"]
[EventDate "2009.02.17"]

1. d4 Nf6 2. c4 c5 3. d5 b5 4. cxb5 a6 5. bxa6 g6 6. Nc3 Bxa6 7. e4 Bxf1 8.
Kxf1 d6 9. Nf3 Nbd7 10. g3 Bg7 11. Kg2 O-O 12. h3 Qb6 13. Re1 Ne8 14. Qc2
Nc7 15. Bf4 Qb7 16. Rad1 Nb6 17. Re2 Rfc8 18. h4 h5 19. Bg5 Re8 20. b3 Nd7
21. Na4 Nb5 22. Qc1 e5 23. Nd2 f6 24. Be3 f5 25. f3 f4 26. gxf4 exf4 27.
Bxf4 Rxa4 28. bxa4 Nc3 29. Rde1 Nxe2 30. Rxe2 Nb6 31. Qb1 Qf7 32. Bxd6 Nxa4
33. Qb3 Nc3 34. Re3 Bd4 35. Rxc3 Qf6 36. e5 Qxh4 37. Ne4 Qe1 38. Qc2 Ra8
39. Rb3 Qg1+ 40. Kh3 1-0

[Event "Aeroflot Open"]
[Site "Moscow RUS"]
[Date "2009.02.24"]
[Round "8"]
[White "Kosintseva,T"]
[Black "Riazantsev,A"]
[Result "1/2-1/2"]
[WhiteElo "2497"]
[BlackElo "2634"]
[EventDate "2009.02.17"]

1. e4 e6 2. d4 d5 3. Nc3 Nf6 4. e5 Nfd7 5. f4 c5 6. Nf3 Nc6 7. Be3 a6 8.
Qd2 Be7 9. Be2 b5 10. a3 Bb7 11. O-O Qc7 12. Nd1 f5 13. exf6 gxf6 14. a4 b4
15. c3 O-O-O 16. cxb4 cxd4 17. Nxd4 Bxb4 18. Qd3 Nxd4 19. Bxd4 Kb8 20. Nf2
e5 21. fxe5 fxe5 22. Rac1 Nc5 23. Qg3 exd4 1/2-1/2

[Event "Aeroflot Open"]
[Site "Moscow RUS"]
[Date "2009.02.24"]
[Round "8"]
[White "Amonatov,F"]
[Black "Dyachkov,S"]
[Result "1/2-1/2"]
[WhiteElo "2647"]
[BlackElo "2553"]
[EventDate "2009.02.17"]

1. e4 e6 2. d4 d5 3. Nc3 Bb4 4. e5 c5 5. a3 Bxc3+ 6. bxc3 Qc7 7. Qg4 f6 8.
Bb5+ Kf8 9. Nf3 Qa5 10. Rb1 a6 11. Bd3 c4 12. Be2 Qxc3+ 13. Kd1 Nc6 14. Bb2
Qa5 15. Qf4 Qc7 16. a4 Ke8 17. Ba3 Nh6 18. Re1 f5 19. Ng5 Nf7 20. g4 Nxg5
21. Qxg5 Nxd4 22. gxf5 Nxf5 23. Bg4 Nd4 24. c3 Qd7 25. Kc1 Nb3+ 26. Kb2 b6
27. a5 Nxa5 28. Rg1 Ra7 29. Bh5+ g6 30. Qf6 Qg7 31. Rxg6 Qxf6 32. Rxf6+ Kd8
33. Rg1 Nc6 34. f4 b5 35. Bf8 Kc7 36. f5 Kb6 37. Bg7 Rd8 38. fxe6 Re7 39.
Bf7 d4 40. cxd4 Nxd4 41. Rd1 Kc5 42. Rff1 Bxe6 43. Bf6 Rxf7 44. Bxd8 Rd7
45. Bg5 b4 46. Be3 c3+ 47. Kc1 b3 48. Rxd4 Rxd4 49. Rf4 b2+ 50. Kb1 Kc4 51.
Bxd4 Kb3 52. Bxc3 Kxc3 53. Rf2 Kd4 54. Re2 Bg4 55. Re1 Kc3 56. Re3+ Kd4 57.
Ra3 Kxe5 58. Rxa6 Kf4 59. Ra3 h5 60. Kxb2 h4 61. Kc2 Bf3 62. Kd2 h3 63.
Ra4+ Be4 64. Ke2 Kf5 65. Ke3 Bg2 66. Kf2 Ke5 67. Kg3 Kf5 68. Rf4+ Ke5 69.
Kg4 Be4 70. Rf1 Bg2 71. Rf2 Ke6 72. Kg5 Ke5 73. Re2+ Kd4 74. Kf4 Kd5 75.
Re1 Kd6 76. Kf5 Bf3 77. Re6+ Kd5 78. Re3 Bg2 79. Rd3+ Kc4 80. Rd8 Bf3 81.
Ke5 Bg2 82. Rd7 Bf3 83. Rd4+ Kc5 84. Rd3 Bg2 85. Rc3+ Kb4 86. Kd4 Kb5 87.
Rc1 Bf3 88. Rf1 Bg2 89. Rf6 Bh1 90. Re6 Bg2 91. Rg6 Bf1 92. Rg1 Bg2 93. Rc1
Bf3 94. Rc5+ Kb6 95. Rc3 Bg2 96. Ke5 Kb5 97. Kd6 Kb4 98. Rc5 Bf3 99. Rf5
Bg2 100. Ke5 Kc5 101. Rf6 Kc4 102. Kf4 Kd5 103. Rh6 Bf1 104. Kg4 Ke5 105.
Rh5+ Ke6 106. Rxh3 Bxh3+ 107. Kxh3 1/2-1/2

[Event "Aeroflot Open"]
[Site "Moscow RUS"]
[Date "2009.02.24"]
[Round "8"]
[White "Smirin,I"]
[Black "Zhigalko,A"]
[Result "1/2-1/2"]
[WhiteElo "2647"]
[BlackElo "2572"]
[EventDate "2009.02.17"]

1. e4 d5 2. exd5 Qxd5 3. Nc3 Qd6 4. d4 Nf6 5. Bg5 Nc6 6. Nb5 Qd7 7. Nf3 a6
8. Nc3 Qd6 9. d5 Ne5 10. Bf4 Nd3+ 11. Bxd3 Qxf4 12. O-O Bg4 13. Be2 g6 14.
Re1 Bxf3 15. Bxf3 Rd8 16. Ne4 Nxe4 17. Rxe4 Qf6 18. c4 Bg7 19. Qa4+ Kf8 20.
Qb4 b6 21. Rae1 Qd6 22. Qxd6 1/2-1/2

[Event "Aeroflot Open"]
[Site "Moscow RUS"]
[Date "2009.02.24"]
[Round "8"]
[White "Minasian,Art"]
[Black "Aleksandrov,A"]
[Result "0-1"]
[WhiteElo "2557"]
[BlackElo "2636"]
[EventDate "2009.02.17"]

1. Nf3 Nf6 2. g3 b5 3. Bg2 Bb7 4. Na3 a6 5. c4 b4 6. Nc2 e6 7. O-O c5 8. a3
bxa3 9. bxa3 Be7 10. d3 O-O 11. Rb1 Bc6 12. Bd2 d6 13. Qe1 Ba4 14. Ne3 Nc6
15. Nd1 Na7 16. Ba5 Qc8 17. Nc3 Bc6 18. e4 Nd7 19. d4 cxd4 20. Nxd4 Ne5 21.
c5 dxc5 22. Nxc6 Naxc6 23. Na4 Rb8 24. Bb6 Nd4 25. f4 Nc4 26. e5 Nb5 27.
Ba5 Qd7 28. Bc3 Nxc3 29. Nxc3 Qd4+ 30. Kh1 Ne3 31. Rxb8 Rxb8 32. Rf3 Nxg2
33. Kxg2 Rb3 34. a4 c4 35. Qf2 Qxf2+ 36. Kxf2 Rb2+ 37. Ne2 Bb4 38. f5 exf5
39. Rxf5 Bd2 40. e6 fxe6 41. Rc5 c3 42. Kf3 Rb4 43. a5 Ra4 44. Nf4 Ra2 45.
Nd3 c2 0-1

[Event "Aeroflot Open"]
[Site "Moscow RUS"]
[Date "2009.02.24"]
[Round "8"]
[White "Grigoriants,S RUS"]
[Black "Kazhgaleyev,M"]
[Result "1/2-1/2"]
[WhiteElo "2565"]
[BlackElo "2630"]
[EventDate "2009.02.17"]

1. c4 c6 2. d4 d5 3. Nf3 Nf6 4. e3 Bg4 5. h3 Bxf3 6. Qxf3 e6 7. Nc3 Nbd7 8.
Bd3 Bb4 9. Bd2 O-O 10. a3 Ba5 11. cxd5 exd5 12. O-O 1/2-1/2

[Event "Aeroflot Open"]
[Site "Moscow RUS"]
[Date "2009.02.24"]
[Round "8"]
[White "Ajrapetjan,Y"]
[Black "So,W"]
[Result "1/2-1/2"]
[WhiteElo "2490"]
[BlackElo "2627"]
[EventDate "2009.02.17"]

1. d4 d5 2. c4 c6 3. Nf3 Nf6 4. Nc3 a6 5. a4 e6 6. g3 dxc4 7. Bg2 c5 8.
dxc5 Qxd1+ 9. Nxd1 Nc6 10. Ne3 Bxc5 11. Nxc4 Ke7 12. O-O Rd8 13. Bg5 h6 14.
Bxf6+ gxf6 15. Nfd2 Bd7 16. e3 Be8 17. Nb3 Bb4 18. Nb6 Rab8 19. Rac1 Rd3
20. Nc5 Bxc5 21. Rxc5 Rb3 22. Nc4 b6 23. Rh5 Ne5 24. Nxe5 fxe5 25. Rxh6
Bxa4 26. Ra1 b5 27. Rc1 Rd8 28. Rc7+ Rd7 29. Rxd7+ Kxd7 30. h4 Rxb2 31. h5
Rb1+ 32. Kh2 Rb2 33. Kg1 Rb1+ 34. Kh2 Rb2 35. Kg1 1/2-1/2

[Event "Aeroflot Open"]
[Site "Moscow RUS"]
[Date "2009.02.24"]
[Round "8"]
[White "Filippov,An UZB"]
[Black "Landa,K"]
[Result "1/2-1/2"]
[WhiteElo "2558"]
[BlackElo "2626"]
[EventDate "2009.02.17"]

1. e4 c6 2. d4 d5 3. Nc3 dxe4 4. Nxe4 Bf5 5. Ng3 Bg6 6. h4 h6 7. Nf3 Nd7 8.
h5 Bh7 9. Bd3 Bxd3 10. Qxd3 e6 11. Bf4 Qa5+ 12. Bd2 Bb4 13. Ne4 Bxd2+ 14.
Nfxd2 Ngf6 15. Nd6+ Ke7 16. Nxb7 Qb4 17. Qa3 Qxa3 18. bxa3 Rab8 19. Na5
Rhc8 20. Ndc4 Rb5 21. Kd2 Nxh5 22. Rab1 Nhf6 23. a4 Rxb1 24. Rxb1 Rc7 25.
Rb7 Rxb7 26. Nxb7 Ne4+ 27. Ke3 f5 28. Nba5 Nb8 29. Ne5 Kd6 30. f3 Nc3 31.
Nb7+ Ke7 32. Na5 Kd6 33. Nb7+ Ke7 34. Na5 1/2-1/2

[Event "Aeroflot Open"]
[Site "Moscow RUS"]
[Date "2009.02.24"]
[Round "8"]
[White "Sjugirov,S"]
[Black "Grachev,B"]
[Result "1/2-1/2"]
[WhiteElo "2562"]
[BlackElo "2655"]
[EventDate "2009.02.17"]

1. e4 e6 2. d4 d5 3. Nd2 dxe4 4. Nxe4 Nd7 5. Nf3 Ngf6 6. Nxf6+ Nxf6 7. Bd3
c5 8. dxc5 Bxc5 9. O-O O-O 10. Qe2 b6 11. Bg5 Bb7 12. Rad1 Qc7 13. Ne5 Rfd8
14. Rfe1 Rd5 15. Bf4 Rad8 16. Bg3 Qc8 17. a3 a5 18. Bh4 Qc7 19. Bg3 h6 20.
c3 Qc8 21. Bh4 Be7 22. Bg3 Ba8 23. Ba6 Qc5 24. Bd3 Qc8 25. Ba6 Qc5 26. Bd3
Qc8 1/2-1/2

[Event "Aeroflot Open"]
[Site "Moscow RUS"]
[Date "2009.02.24"]
[Round "8"]
[White "Mamedov,Rau"]
[Black "Ponkratov,P"]
[Result "1/2-1/2"]
[WhiteElo "2638"]
[BlackElo "2558"]
[EventDate "2009.02.17"]

1. e4 e5 2. Nf3 Nc6 3. Bb5 f5 4. d3 d6 5. Nc3 Nf6 6. a3 fxe4 7. dxe4 Bg4 8.
h3 Bh5 9. g4 Bg6 10. Qe2 Be7 11. Nh4 Bf7 12. Nf5 O-O 13. Be3 Na5 14. b4 Nc6
15. Bc4 Qe8 16. g5 Nd7 17. h4 Kh8 18. Nd5 Bh5 19. Qd2 Bd8 20. c3 Ne7 21.
Ndxe7 Bxe7 22. Be2 Bxe2 23. Qxe2 a5 24. b5 d5 25. f3 Nc5 26. Nxe7 Qxe7 27.
exd5 e4 28. O-O Qd6 29. Bd4 Nb3 30. Rad1 exf3 31. Rxf3 Nxd4 32. Rxd4 Qxa3
33. b6 Rxf3 34. Qxf3 Rf8 35. Qe3 Qa1+ 36. Kg2 Qb2+ 37. Rd2 Qxb6 38. Qxb6
cxb6 39. Rb2 Rd8 40. c4 Rc8 41. Rxb6 Rxc4 42. Rxb7 Kg8 43. d6 Rd4 44. d7
Kf8 45. h5 a4 46. Rb8+ Ke7 47. Rg8 Kxd7 48. Rxg7+ Ke6 49. h6 a3 50. Ra7 Kf5
51. Rxa3 Kxg5 52. Ra6 Rh4 53. Kg3 Rh1 54. Rc6 Rxh6 55. Rc5+ Kg6 56. Rc6+
Kg7 57. Rxh6 Kxh6 58. Kh4 1/2-1/2

[Event "Aeroflot Open"]
[Site "Moscow RUS"]
[Date "2009.02.24"]
[Round "8"]
[White "Huzman,A"]
[Black "Robson,R"]
[Result "1-0"]
[WhiteElo "2602"]
[BlackElo "2455"]
[EventDate "2009.02.17"]

1. d4 d5 2. c4 e6 3. Nf3 Nf6 4. g3 dxc4 5. Bg2 c5 6. O-O Nc6 7. dxc5 Qxd1
8. Rxd1 Bxc5 9. Nbd2 c3 10. bxc3 O-O 11. Nb3 Bb6 12. Ba3 Re8 13. Nfd2 e5
14. Nc4 Bc7 15. Nc5 e4 16. Nd6 Bxd6 17. Rxd6 Na5 18. Bb4 Nc6 19. h3 Nxb4
20. cxb4 Bf5 21. g4 Bg6 22. e3 h6 23. a4 b6 24. Nb3 Rac8 25. Nd4 Rc4 26. b5
Rc5 27. a5 bxa5 28. Rxa5 Re7 29. Rda6 h5 30. gxh5 Bxh5 31. Rxa7 Ree5 32.
Kh2 Rg5 33. Ra2 Bf3 34. Bxf3 exf3 35. Nxf3 Rh5 36. Nd4 Rcg5 37. f3 Nd5 38.
Ra8+ Kh7 39. Re8 Rg6 40. Rg2 Rgh6 41. Rg3 Rd6 42. Ne2 Rb6 43. Nd4 Rd6 44.
f4 Nxe3 45. Rgxe3 Rxd4 46. Rb3 Rd7 47. Rb8 Rhd5 48. b6 Kg6 49. Rc8 Rb7 50.
Rc6+ Kf5 51. Kg3 Rbd7 52. Kf2 Rd3 53. Rb5+ R3d5 54. Rxd5+ Rxd5 55. b7 Rd2+
56. Ke3 Rb2 57. Rc7 f6 58. Rxg7 Rb3+ 59. Kd4 Kxf4 60. Kc5 Ke4 61. Kc6 Rc3+
62. Kd6 Rb3 63. h4 f5 64. Kc7 Rc3+ 65. Kd8 Rd3+ 66. Kc8 Rc3+ 67. Rc7 Kd4
1-0

[Event "Aeroflot Open"]
[Site "Moscow RUS"]
[Date "2009.02.24"]
[Round "8"]
[White "Milov,V"]
[Black "Wen Yang"]
[Result "0-1"]
[WhiteElo "2669"]
[BlackElo "2504"]
[EventDate "2009.02.17"]

1. d4 d5 2. c4 dxc4 3. e3 Nf6 4. Bxc4 e6 5. Nf3 c5 6. O-O a6 7. a4 Nc6 8.
Qe2 cxd4 9. Rd1 Be7 10. exd4 O-O 11. Nc3 Nd5 12. Bd3 Re8 13. h4 Bd7 14. Ng5
Nf6 15. Bf4 h6 16. Nf3 Nd5 17. Bg3 Rc8 18. Bb1 Ncb4 19. Ne4 b6 20. Re1 Bc6
21. Ne5 f5 22. Qh5 Rf8 23. Qg6 Bd7 24. Nxd7 Qxd7 25. Nc3 Bf6 26. Ra3 Rc4
27. Nxd5 Nxd5 28. a5 Rxd4 29. axb6 Rg4 30. Qh5 Bd4 31. Ba2 Kh7 32. Rd3 Bxb6
33. Bxd5 exd5 34. Rf3 Re4 35. Rxe4 dxe4 36. Rb3 Qe6 37. Qd1 f4 38. Bh2 e3
39. fxe3 fxe3 40. Qd3+ Kh8 41. Bg3 e2+ 42. Kh2 Bc7 0-1

[Event "Aeroflot Open"]
[Site "Moscow RUS"]
[Date "2009.02.24"]
[Round "8"]
[White "Li Shilong"]
[Black "Naiditsch,A"]
[Result "0-1"]
[WhiteElo "2559"]
[BlackElo "2693"]
[EventDate "2009.02.17"]

1. d4 Nf6 2. c4 e6 3. Nc3 Bb4 4. Qc2 O-O 5. a3 Bxc3+ 6. Qxc3 b5 7. cxb5 c6
8. f3 Nd5 9. Qd3 cxb5 10. Nh3 Nc6 11. e4 Nde7 12. Be3 d5 13. e5 Nf5 14. Bf2
Bd7 15. Rd1 b4 16. Be2 bxa3 17. bxa3 Qa5+ 18. Kf1 Rab8 19. g4 Nfe7 20. Ng5
g6 21. Nh3 Kg7 22. Qe3 Rb2 23. Bh4 Ng8 24. Nf4 Rfb8 25. Rg1 Kf8 26. Rd3 Bc8
27. Rc3 Qb6 28. Bf2 Ba6 29. Bxa6 Qxa6+ 30. Kg2 Na5 31. Rc7 Nc4 32. Qc1 Qb6
33. Rc5 Qb3 34. Rc7 Qb6 35. Rc5 Ne7 36. Kg3 Nc6 37. Rd1 Rxf2 38. Kxf2 Nxd4
39. Nd3 Nb3 40. Qh6+ Kg8 41. Rb1 Nxa3 42. Rb2 Nc4 43. Rb1 Nxe5 44. Nxe5
Qxc5+ 45. Kg3 Qc7 46. Qf4 a5 47. Rb2 Rb4 48. Qf6 Nd4 49. Rxb4 axb4 50. Kh4
Qxe5 0-1

[Event "Aeroflot Open"]
[Site "Moscow RUS"]
[Date "2009.02.24"]
[Round "8"]
[White "Maslak,K"]
[Black "Lysyj,I"]
[Result "1/2-1/2"]
[WhiteElo "2541"]
[BlackElo "2620"]
[EventDate "2009.02.17"]

1. d4 d5 2. c4 c6 3. cxd5 cxd5 4. Nf3 Nf6 5. Nc3 Nc6 6. Bf4 Bf5 7. e3 e6 8.
Bd3 Bxd3 9. Qxd3 Bd6 10. Bxd6 Qxd6 11. O-O O-O 12. Rfc1 Rfc8 1/2-1/2

[Event "Aeroflot Open"]
[Site "Moscow RUS"]
[Date "2009.02.24"]
[Round "8"]
[White "Bocharov,D"]
[Black "Melkumyan,H"]
[Result "1/2-1/2"]
[WhiteElo "2647"]
[BlackElo "2519"]
[EventDate "2009.02.17"]

1. d4 Nf6 2. c4 e6 3. Nf3 d5 4. Nc3 dxc4 5. Bg5 Bb4 6. a3 Bxc3+ 7. bxc3 c6
8. g3 Qa5 9. Qc2 c5 10. Bd2 Bd7 11. Ne5 Bc6 12. f3 b5 13. a4 Nfd7 14. Bg2
Nxe5 15. dxe5 bxa4 16. O-O Nd7 17. f4 Bxg2 18. Kxg2 O-O 19. Qxa4 Qc7 20.
Qxc4 Qc6+ 21. e4 Rfd8 22. Qe2 c4 23. Be1 f6 24. Bf2 a5 25. Rfd1 fxe5 26.
fxe5 Nxe5 27. Rxd8+ Rxd8 28. Rxa5 Nd3 29. Bg1 Rf8 30. Ra7 Rf4 31. Kh3 Qxe4
32. Qxe4 Rxe4 33. Rc7 g5 34. Kg2 g4 35. Kf1 Re1+ 36. Kg2 Re4 37. Kf1 h5 38.
Bf2 e5 39. Rd7 h4 40. Rc7 h3 41. Rd7 Kf8 42. Rc7 Ke8 43. Rg7 Kd8 44. Bb6+
Kc8 45. Bf2 Nb2 46. Be1 Na4 47. Bd2 Nc5 48. Kf2 Nd3+ 49. Kf1 Kd8 50. Bg5+
Ke8 51. Bd2 Nc5 52. Rc7 Nd7 53. Bg5 Nb6 54. Re7+ Kf8 55. Rb7 Nd5 56. Bh6+
Ke8 57. Bd2 Kd8 58. Rg7 Kc8 59. Rf7 Nb6 60. Ra7 Kb8 61. Rf7 Na4 62. Kf2 Kc8
63. Ra7 Nc5 64. Rh7 Nd7 65. Be3 Kc7 66. Rh6 Nb8 67. Bc5 Kd7 68. Rd6+ Kc7
69. Rh6 Nc6 70. Rh7+ Kd8 71. Bd6 Nd4 72. cxd4 exd4 73. Bc7+ Kc8 74. Bf4 d3
75. Be3 c3 76. Rh5 c2 77. Rc5+ Kb7 78. Rc3 Ka6 79. Rc6+ Kb5 80. Rc5+ Ka4
81. Rc8 Re6 82. Ra8+ Kb5 83. Rb8+ Ka6 84. Rc8 Kb7 85. Rc3 Re5 86. Rc4 Ka6
87. Rc3 Kb5 88. Rc8 Re7 89. Rb8+ Kc6 90. Rc8+ Kb7 91. Rc3 Re5 92. Rb3+ Kc6
93. Rc3+ Kb5 94. Rc8 Re7 95. Rb8+ Kc6 96. Rc8+ Kb7 97. Rc3 Re5 98. Rb3+ Kc6
99. Rc3+ Kb5 1/2-1/2

[Event "Aeroflot Open"]
[Site "Moscow RUS"]
[Date "2009.02.24"]
[Round "8"]
[White "Volkov,Sergey1"]
[Black "Vazquez Igarza,R"]
[Result "0-1"]
[WhiteElo "2627"]
[BlackElo "2558"]
[EventDate "2009.02.17"]

1. d4 d5 2. c4 c6 3. Nc3 Nf6 4. e3 Bg4 5. f3 Be6 6. cxd5 cxd5 7. Qb3 Nc6 8.
Qxb7 Bd7 9. Bb5 Rb8 10. Qa6 Qc7 11. Bxc6 Bxc6 12. Nge2 e6 13. b3 Rb6 14.
Qd3 Bb7 15. Nb5 Qb8 16. Bd2 Ba6 17. a4 Bd6 18. Nec3 O-O 19. Kf2 e5 20. Qf5
Bc8 21. Qg5 h6 22. Qh4 Be7 23. Qg3 a6 24. Qxe5 Qb7 25. Rhc1 Bb4 26. Ra2
axb5 27. Nxb5 Bxd2 28. Rxd2 Bd7 29. Rc7 Qb8 30. Nc3 Re8 31. Qg3 Nh5 32. Qh4
Qxc7 33. Nxd5 Qc1 34. Re2 Rxb3 35. Qxh5 Rb2 36. Rxb2 Qxb2+ 37. Kg3 Qb8+ 38.
Kf2 Bxa4 39. Qf5 Qd6 40. Nc3 Bd7 41. Ne4 Qc7 42. Qd5 Qc2+ 43. Kg3 Bc6 0-1

[Event "Aeroflot Open"]
[Site "Moscow RUS"]
[Date "2009.02.24"]
[Round "8"]
[White "Ghaem Maghami,E"]
[Black "Kosintseva,N"]
[Result "1/2-1/2"]
[WhiteElo "2604"]
[BlackElo "2486"]
[EventDate "2009.02.17"]

1. d4 Nf6 2. c4 e6 3. Nf3 d5 4. g3 Be7 5. Bg2 O-O 6. Nbd2 c5 7. dxc5 dxc4
8. O-O c3 9. bxc3 Qc7 10. Nd4 Bxc5 11. N2b3 Be7 12. Nb5 Qc4 13. Qd3 Qxd3
14. exd3 Nc6 15. Be3 a6 16. Nc7 Rb8 17. Nxa6 bxa6 18. Bxc6 Bd7 19. Bf3 Rfc8
20. Bf4 Rb5 21. c4 Rb4 22. Rab1 Ba4 23. Be2 Nd7 24. d4 Bc6 25. d5 exd5 26.
Nd4 dxc4 27. Rxb4 Bxb4 28. Bxc4 Bb7 29. Bb3 1/2-1/2

[Event "Aeroflot Open"]
[Site "Moscow RUS"]
[Date "2009.02.24"]
[Round "8"]
[White "Ipatov,A UKR"]
[Black "Maze,S"]
[Result "1-0"]
[WhiteElo "2494"]
[BlackElo "2579"]
[EventDate "2009.02.17"]

1. d4 Nf6 2. c4 g6 3. Nc3 Bg7 4. e4 d6 5. Bd3 O-O 6. Nge2 Nbd7 7. O-O c6 8.
Bg5 a6 9. Qd2 b5 10. cxb5 axb5 11. a3 Bb7 12. Rad1 Qb6 13. Bh6 b4 14. axb4
Qxb4 15. Bxg7 Kxg7 16. f4 e5 17. fxe5 dxe5 18. Bb1 Ba6 19. Qg5 Rae8 20. Rf2
h6 21. Qg3 Qxb2 22. dxe5 Nh5 23. Qe3 Nxe5 24. Nf4 Qb8 25. Nxh5+ gxh5 26.
Rf5 Ng4 27. Qd4+ f6 28. Rxh5 Rd8 29. Nd5 Bc8 30. Rf1 Rf7 31. Rh4 cxd5 32.
Qd1 Qb6+ 33. Kh1 Nf2+ 34. Rxf2 Qxf2 1-0

[Event "Aeroflot Open"]
[Site "Moscow RUS"]
[Date "2009.02.24"]
[Round "8"]
[White "Ragger,M"]
[Black "Zherebukh,Y"]
[Result "1-0"]
[WhiteElo "2540"]
[BlackElo "2558"]
[EventDate "2009.02.17"]

1. e4 c5 2. c3 d6 3. d4 Nf6 4. Bd3 Qc7 5. Nf3 g6 6. O-O Bg7 7. h3 O-O 8.
Qe2 e5 9. dxe5 dxe5 10. a4 a6 11. Na3 Nbd7 12. Rd1 b6 13. Bc2 Bb7 14. Nc4
Bc6 15. b4 b5 16. Na5 c4 17. Nxc6 Qxc6 18. Be3 Rfe8 19. Qd2 Bf8 20. Bg5 Qb7
21. Qe2 Re6 22. Nh2 Be7 23. Nf1 Nh5 24. Be3 Ndf6 25. Qf3 Bd8 26. Rd2 Kg7
27. Rad1 Bb6 28. a5 Bxe3 29. fxe3 Kh8 30. g4 Ng7 31. g5 Ng8 32. Rd7 Qc8 33.
Qxf7 Qf8 34. Nh2 h6 35. Rf1 Re7 36. Qxf8 Rxf8 37. Rxf8 Rxd7 38. Ng4 Nh5 39.
Nf6 Nhxf6 40. gxf6 Kh7 41. f7 Nf6 42. Rh8+ 1-0

[Event "Aeroflot Open"]
[Site "Moscow RUS"]
[Date "2009.02.24"]
[Round "8"]
[White "Krylov,M RUS"]
[Black "Khachiyan,M"]
[Result "0-1"]
[WhiteElo "2460"]
[BlackElo "2519"]
[EventDate "2009.02.17"]

1. d4 Nf6 2. c4 g6 3. Nf3 Bg7 4. g3 c6 5. Bg2 d5 6. O-O O-O 7. Ne5 Ng4 8.
Nxg4 Bxg4 9. cxd5 cxd5 10. h3 Be6 11. Nc3 Nc6 12. e4 Nxd4 13. exd5 Bd7 14.
Re1 e5 15. Be3 Rc8 16. Rc1 Qa5 17. Kh2 Nf5 18. Bd2 Qb6 19. Ne4 Nd4 20. b4
Rxc1 21. Qxc1 Rc8 22. Nc5 Qc7 23. Qb2 b6 24. Nxd7 Qxd7 25. Rc1 Rxc1 26.
Qxc1 Bf8 27. Qc4 Qf5 28. Be3 Nc2 29. Bd2 Nd4 30. f4 Bd6 31. h4 Qg4 32. Qf1
Nf5 33. Qf3 Qxf3 34. Bxf3 exf4 35. Bxf4 Bxf4 36. gxf4 Nxh4 37. Bg4 Nf5 38.
Kh3 Kf8 39. Bxf5 gxf5 40. d6 Ke8 41. Kh4 Kd7 0-1

[Event "Aeroflot Open"]
[Site "Moscow RUS"]
[Date "2009.02.25"]
[Round "9"]
[White "Pashikian,A"]
[Black "Bacrot,E"]
[Result "0-1"]
[WhiteElo "2621"]
[BlackElo "2722"]
[EventDate "2009.02.17"]

1. d4 d5 2. c4 e6 3. Nc3 c6 4. e4 Bb4 5. exd5 exd5 6. cxd5 cxd5 7. Bb5+ Bd7
8. Bd3 Ne7 9. Qf3 Qc8 10. Nge2 Bf5 11. O-O Bxd3 12. Qxd3 O-O 13. Qb5 Bxc3
14. bxc3 Rd8 15. Ba3 Nbc6 16. Bxe7 Nxe7 17. a4 a6 18. Qb4 Ng6 19. Rab1 Rb8
20. a5 h5 21. Qa4 h4 22. h3 Re8 23. Rb2 Re4 24. c4 dxc4 25. Rc1 Qf5 26. Qc2
Nf4 27. Nc3 Nd3 28. Nxe4 Nxc1 29. Qxc4 Qxe4 30. Qxc1 Rd8 31. Rb4 Rd6 32.
Qe3 Qd5 33. Qf4 Re6 34. Kh2 Rg6 35. Qb8+ Kh7 36. Qxb7 Rxg2+ 37. Kh1 Qxb7
38. Rxb7 Rxf2 39. Ra7 Rf6 40. Kg2 Kg6 41. Rb7 Rf4 42. d5 Rf5 43. Rb6+ f6
44. Rd6 Kh6 45. Rd8 Kh7 46. Rd7 Rg5+ 47. Kf2 Rg3 48. Rd6 Rd3 49. Ke2 Rxh3
50. Rxa6 Rg3 51. Rb6 h3 52. Kf2 h2 53. Rb1 Ra3 54. Rd1 Rxa5 55. Kg2 Ra2+
56. Kh1 Kg6 57. d6 Ra8 58. Kxh2 Rd8 59. Kg3 Kf5 60. Kf3 Rd7 61. Rg1 Ke6 62.
Ke4 g5 0-1

[Event "Aeroflot Open"]
[Site "Moscow RUS"]
[Date "2009.02.25"]
[Round "9"]
[White "Moiseenko,A1"]
[Black "Zhou Weiqi"]
[Result "1-0"]
[WhiteElo "2676"]
[BlackElo "2542"]
[EventDate "2009.02.17"]

1. d4 Nf6 2. c4 e6 3. Nf3 d5 4. Nc3 Be7 5. Bg5 h6 6. Bh4 O-O 7. Qc2 c5 8.
dxc5 d4 9. Rd1 Nc6 10. e3 e5 11. Be2 Bxc5 12. O-O Be6 13. a3 a5 14. Nb5 Qb6
15. Bxf6 gxf6 16. exd4 exd4 17. Qd2 Kg7 18. Qf4 Rad8 19. Bd3 Ne7 20. Qg3+
Kh8 21. Rfe1 f5 22. Nc7 Kh7 23. Nxe6 fxe6 24. b4 axb4 25. axb4 Bxb4 26. Rb1
Rf6 27. Re5 Qd6 28. Rb5 Rg6 29. Qxd6 Bxd6 30. c5 Bf4 31. Rxb7 Rg7 32. g3
Rd5 33. Re1 Rxc5 34. Nxd4 Re5 35. Rxe5 Bxe5 36. Nxe6 Rf7 37. Nd8 Rg7 38.
Ne6 Rf7 39. Bxf5+ Rxf5 40. Rxe7+ Kg8 41. Rd7 Bf6 42. Kg2 Ra5 43. h4 Rb5 44.
Nc7 Ra5 45. Nd5 Bb2 46. Kh3 Kf8 47. Nf4 Kg8 48. Kg4 1-0

[Event "Aeroflot Open"]
[Site "Moscow RUS"]
[Date "2009.02.25"]
[Round "9"]
[White "Sargissian,G"]
[Black "Zhou Jianchao"]
[Result "1/2-1/2"]
[WhiteElo "2678"]
[BlackElo "2612"]
[EventDate "2009.02.17"]

1. d4 d5 2. c4 c6 3. Nc3 Nf6 4. e3 a6 5. Nf3 b5 6. c5 g6 7. Ne5 Bg7 8. f4
O-O 9. Bd3 Bf5 10. Bxf5 gxf5 11. O-O e6 12. Rf3 Ne4 13. Rh3 f6 14. Nd3 Rf7
15. Qh5 Bf8 16. a4 Raa7 17. Nb4 a5 18. Nxc6 Nxc6 19. axb5 Nb4 20. Nxe4 dxe4
21. Rg3+ Rg7 22. Rxg7+ Kxg7 23. Qe2 Nd3 24. Bd2 Nxc5 25. dxc5 Bxc5 26. Bc3
Qd3 27. Kf2 a4 28. Rd1 Qxe2+ 29. Kxe2 a3 30. bxa3 Rxa3 31. Bd4 Bxd4 32.
Rxd4 Rb3 33. Rd7+ Kg6 34. Rb7 Rb2+ 35. Kf1 Rb1+ 36. Kf2 Rb2+ 37. Kf1 Rb1+
1/2-1/2